| 000 | 00483nam a2200169 a 4500 | ||
|---|---|---|---|
| 001 | 000048074 | ||
| 005 | 20201002060913.0 | ||
| 008 | 181113s2016 dr 000 0 spa d | ||
| 020 | _a9789945167337 | ||
| 040 |
_aDO-SdBNP _bspa _cBNPHU |
||
| 082 |
_axxxx _bG216d |
||
| 100 | 1 |
_aGarcía, Diógenes _98453 |
|
| 245 | 1 | 0 |
_aDiálogo entre Dios y el hombre / _cDiógenes García. |
| 260 |
_aSanto Domingo : _bBúho, _c2016. |
||
| 300 |
_a197 p. ; _c22 cm. |
||
| 590 | _aInventariado, 2018/LP | ||
| 999 |
_c47562 _d47562 |
||